Paises acabados em "ao" - Statistics

Estatísticas Gerais
  • Esse quiz foi jogado 377 vezes
    193 desde o último reset
  • A pontuação média é 9 de 15
Estatísticas das Respostas
Pais % Correto
Paquistao
89%
Afeganistao
87%
Cazaquistao
84%
Usbequistao
78%
Azerbaijao
76%
Quirguistao
76%
Tajiquistao
75%
Japao
61%
Turquemenistao
57%
Sudao
55%
Butao
46%
Gabao
46%
Irao
44%
Ilhas Salomao
25%
Camaroes
14%
Nenhum quiz correspondente encontrado
Distribuição das Pontuações
Porcentagem de Pessoas com Cada Pontuação
Percentil de Números Respondidos
Sua Pontuação Histórica
Você não jogou esse quiz desde o último reset